Introduccón a las computadoras y proceso de datos (Registro nro. 4638)

Detalles MARC
000 -LEADER
fixed length control field 01304 a2200217 4500
001 - CONTROL NUMBER
control field 48610
005 - DATE AND TIME OF LATEST TRANSACTION
control field 20260407155750.0
008 - FIXED-LENGTH DATA ELEMENTS--GENERAL INFORMATION
fixed length control field 260407a1973 arg spa d
003 - CONTROL NUMBER IDENTIFIER
control field AR-UNSa-BCEJYS
040 ## - CATALOGING SOURCE
Original cataloging agency AR-UNSa-BCEJYS
Language of cataloging spa
Transcribing agency AR-UNSa-BCEJYS
080 ## - UNIVERSAL DECIMAL CLASSIFICATION NUMBER
Universal Decimal Classification number 004
Common auxiliary subdivision Ciencia y tecnología de los ordenadores. Informática
020 ## - INTERNATIONAL STANDARD BOOK NUMBER
International Standard Book Number 0-13-479493-1
100 1# - MAIN ENTRY--PERSONAL NAME
Personal name Benice, Daniel D.
245 10 - TITLE STATEMENT
Title Introduccón a las computadoras y proceso de datos
264 #1 - PRODUCTION, PUBLICATION, DISTRIBUTION, MANUFACTURE, AND COPYRIGHT NOTICE
Place of production, publication, distribution, manufacture Bogotá :
Name of producer, publisher, distributor, manufacturer Prentice/Hall Internacional
Date of production, publication, distribution, manufacture, or copyright notice 1973
300 ## - PHYSICAL DESCRIPTION
Extent 349 p.
Dimensions 24 cm.
505 ## - FORMATTED CONTENTS NOTE
Formatted contents note 1. Breve historia de la computación y las computadoras - 2. Tarjetas perforadoras y máquinas de eléctricas de contabilidad - 3. Sistemas de configuración - 4. Lógica de las computadoras y álgebra booleana - 5. La computadora electrónica - 6. Almacenamientos y entrada/salida de datos - 7. Representación de datos: sistemas de codificación - 8. La unidad central de proceso - 9. Lenguajes y aplicaciones - 10. Diagramas de flujo - 11. Programación en el lenguaje "Ensamblador Sistema 360" - 12. Programación en lenguaje FORTRAM - 13. Programación en lenguaje COBOL - 14. Programación en lenguaje PL/1 - 15. Lenguaje RPG (Generador de Informes)
590 ## - LOCAL NOTE (RLIN)
Local note niveau_biblio:m niveau_hierar:0
700 1# - ADDED ENTRY--PERSONAL NAME
Personal name Di Marco, Adolfo
942 ## - ADDED ENTRY ELEMENTS (KOHA)
Koha item type
Existencias
Withdrawn status Lost status Damaged status Not for loan Home library Current library Shelving location Date acquired Total checkouts Full call number Barcode Date last seen Price effective from Koha item type
        Biblioteca Prof. Eusebio Cleto del Rey Biblioteca Prof. Eusebio Cleto del Rey   07/04/2026   004 B467 L25854 07/04/2026 07/04/2026 Libro
        Biblioteca Prof. Eusebio Cleto del Rey Biblioteca Prof. Eusebio Cleto del Rey   07/04/2026   004 B467 L25855 07/04/2026 07/04/2026 Libro